1692 1408 1854 1400 1452 1434 1657 1734 1431 1983 1512 1843 1864 1523 1003 1491 1865 1077 1296 1766 1787 1052 1985 1306 1180 1678 1892 1413 1624 1865 1050 1322 1255 1633 1877 1299 1598 1107 1137 2000 1703 1010 1197 1350 1360 1448 1571 1325 1170 1378 1357 1711 1028 1539 1231 1484 1215 1529 1918 1234 1093 1687 1454 1491 1972 1671 1545 1284 1199 1739 1361 1365 1717 1990 1773 1911 1906 1531 1611 1984 1892 1911 1036 1009 1018 1667 1972 1957 1926 1322 1168 1565 1831 1434 1119 1022 1072 1447 1128 BCNSPRNW ULIB Ver.6.0+V

เปลี่ยนเป็นภาษาไทย

Change to English
 แสดงรายละเอียดบรรณานุกรม
  กลับหน้าหลัก

Brief Record : Get Marc (ISO 2709) : E-mail record : QR code < ปิดหน้าต่าง
LEADER : 00000nam 2200000uu 4500
001    13399112937
003     ULIB
008    110919s2544||||th 000 0 tha d
020    9743222529
050 04 LB1051^bร687ค 2544
100 0  รุ่ง แก้วแดง
245 10 ครูสมพร :^bคนสอนลิง /^cรุ่ง แก้วแดง
250    พิมพ์ครั้งที่ 10
260    กรุงเทพฯ :^bมติชน,^c2544
300    135 หน้า :^bภาพประกอบ
600 07 สมพร แซ่โค้ว
610 27 วิทยาลัยฝึกลิงเพื่อการเกษตร
650  7 ลิง^xการฝึก
945    ^p95^l0^i013867
995    ทศพร
999 ^a ทศพร
รายการนี้ยังไม่มีแท็ก
คุณยังไม่ได้ล็อกอิน คุณสามารถมีกิจกรรมร่วมกับเว็บไซต์ได้ แต่ต้องล็อกอินก่อน ::
  ล็อกอิน

รายการสื่อสารสนเทศ

ลำดับที่ ประเภท เลขเรียก/บาร์โค้ด สถานที่ สถานะ
- ไม่พบข้อมูล -

รายการใกล้เคียง
    ผู้แต่ง [รุ่ง แก้วแดง]

BibComment


ยังไม่เคยถูกคอมเมนท์

คอมเมนท์ทรัพยากรรายการนี้
  คอมเมนท์: ครูสมพร คนสอนลิง..


 Copyright 2026. Bcnsprnw @Library